Länder des Orients - Statistiken

Allgemein
  • Dieses Quiz wurde 222 mal gespielt
  • Das Durchschnittsergebnis liegt bei 25 aus 28
Antworten auf der Karte
Die Antworten werden auf der Karte rot bzw. grün angezeigt, abhängig davon wie oft sie richtig erraten wurden.
 
Antwortstatistiken
Antwort % Korrekt
Marokko
98%
Saudi Arabien
98%
Türkei
98%
Ägypten
97%
Irak
97%
Iran
97%
Algerien
96%
Tunesien
96%
Vereinigte arabische Emirate
96%
Jemen
95%
Libyen
94%
Sudan
93%
Afghanistan
92%
Kasachstan
92%
Niger
92%
Oman
92%
Pakistan
92%
Turkmenistan
90%
Usbekistan
90%
Mauretanien
89%
Tschad
88%
Mali
87%
Kirgisistan
86%
Tadschikistan
86%
Senegal
83%
Eritrea
81%
Burkina Faso
76%
West-Sahara
74%
Keine übereinstimmenden Quizze gefunden
Verteilung der Resultate
Anzahl Personen mit jedem Resultat
Perzentil nach korrekt beantworteten Fragen
Ihre Resultats-Entwicklung
Sie haben dieses Quiz noch nicht gespielt